Senilità : (Registro nro. 5215)

Detalles MARC
000 -CABECERA
campo de control de longitud fija 00701nam a22002657i 4500
001 - NÚMERO DE CONTROL
campo de control IT\ICCU\RAV\0089743
003 - IDENTIFICADOR DEL NÚMERO DE CONTROL
campo de control ItRI
005 - FECHA Y HORA DE LA ÚLTIMA TRANSACCIÓN
campo de control 20210427110442.0
008 - DATOS DE LONGITUD FIJA--INFORMACIÓN GENERAL
campo de control de longitud fija 900208s1975 it |||||| ||||| |||||c
020 ## - NÚMERO INTERNACIONAL ESTÁNDAR DEL LIBRO
Número Internacional Estándar del Libro 8879836102
040 ## - FUENTE DE LA CATALOGACIÓN
Centro/agencia transcriptor AR-RoIUNI
041 #7 - CÓDIGO DE LENGUA
Código de lengua del texto/banda sonora o título independiente ita
Fuente del código ISO-639-2
080 ## - NÚMERO DE LA CLASIFICACIÓN DECIMAL UNIVERSAL
Número de la Clasificación Decimal Universal 82(450) SVE
100 1# - ENTRADA PRINCIPAL--NOMBRE DE PERSONA
Nombre de persona Svevo, Italo
Número de control de registro de autoridad IT\ICCU\CFIV\007334
Código de función/relación aut
240 10 - TÍTULO UNIFORME
Título uniforme <a href="Senilità">Senilità</a>
9 (RLIN) Svevo, Italo
245 10 - MENCIÓN DE TÍTULO
Título Senilità :
Resto del título romanzo /
Mención de responsabilidad, etc. di Italo Svevo.
260 ## - PUBLICACIÓN, DISTRIBUCIÓN, ETC. (PIE DE IMPRENTA)
Lugar de publicación, distribución, etc. Milano :
Nombre del editor, distribuidor, etc. Integrale
Fecha de publicación, distribución, etc. 1997
300 ## - DESCRIPCIÓN FÍSICA
Extensión 249 p. ;
Dimensiones 19 cm.
650 10 - PUNTO DE ACCESO ADICIONAL DE MATERIA--TÉRMINO DE MATERIA
9 (RLIN) 557
Término de materia o nombre geográfico como elemento inicial Literatura
830 #2 - PUNTO DE ACCESO ADICIONAL DE SERIE-TÍTULO UNIFORME
Número de control de registro de autoridad IT\ICCU\CUB\0701213
830 #2 - PUNTO DE ACCESO ADICIONAL DE SERIE-TÍTULO UNIFORME
Número de control de registro de autoridad IT\ICCU\RAV\0191513
982 #1 - EQUIVALENCIA O REFERENCIA-CRUZADA-MENCIÓN DE SERIE--NOMBRE DE CONFERENCIA O REUNIÓN/CONGRESO/TÍTULO [LOCAL, CANADÁ]
Enlace z01
Nombre de congreso/reunión o jurisdicción como elemento de entrada n
942 ## - ELEMENTOS DE PUNTO DE ACCESO ADICIONAL (KOHA)
Fuente del sistema de clasificación o colocación Clasificación Decimal Universal
Tipo de ítem Koha Libros
981 #1 - EQUIVALENCIA O REFERENCIA-CRUZADA-MENCIÓN DE SERIE--NOMBRE DE ENTIDAD CORPORATIVA/TÍTULO [LOCAL, CANADÁ]
Enlace z01
Nombre de entidad corporativa o nombre de jurisdicción como elemento de entrada i
Unidad subordinada xxxe
Existencias
Estado de retiro Estado de pérdida Fuente del sistema de clasificación o colocación Estado dañado Excepción de préstamo Localización permanente Ubicación/localización actual Ubicación en estantería Fecha de adquisición Número de inventario Total de préstamos Signatura topográfica completa Código de barras Fecha visto por última vez Precio válido a partir de Tipo de ítem Koha
    Clasificación Decimal Universal     BIBLIOTECA CENTRAL BIBLIOTECA CENTRAL BIBLIOTECA CENTRAL 27/04/2021 6862   82(450) SVE 6862 27/04/2021 27/04/2021 Libros